[Event "C.to Regionale Sicilia"]
[Site "Marsala ITA"]
[Date "2011.06.02"]
[Round "2"]
[White "Ferrante, Filippo"]
[Black "Messina, Pierluigi"]
[Result "1-0"]
[WhiteElo "1606"]
[BlackElo "1392"]
[PlyCount "107"]
[EventDate "2011.06.01"]

1. Nf3 Nc6 2. d4 d5 3. c4 e6 4. e3 Nf6 5. Nc3 Bb4 6. a3 Bxc3+ 7. bxc3 Ne4 8.
Qc2 e5 9. Nd2 Bf5 10. Nxe4 Bxe4 11. Qb3 Rb8 12. cxd5 Bxd5 13. Qc2 O-O 14. Bd3
Re8 15. Bxh7+ Kf8 16. Bd3 e4 17. Be2 Qg5 18. O-O Re6 19. f4 exf3 20. Bxf3 Bxf3
21. Rxf3 Rf6 22. Rxf6 Qxf6 23. Qf2 Qxf2+ 24. Kxf2 Ke7 25. Rb1 b6 26. Ke2 Ke6
27. e4 Na5 28. Kd3 c6 29. Bd2 Rh8 30. h3 Rh5 31. c4 Nb7 32. Rf1 f5 33. d5+ cxd5
34. exf5+ Rxf5 35. Rxf5 Kxf5 36. cxd5 Nc5+ 37. Kc4 a5 38. Kb5 Nd7 39. Be3 Ke5
40. Bxb6 Nxb6 41. Kxb6 Kxd5 42. Kxa5 g5 43. Kb6 Ke4 44. a4 Kf4 45. a5 Kg3 46.
a6 Kxg2 47. a7 Kxh3 48. a8=Q g4 49. Qh1+ Kg3 50. Kc5 Kf2 51. Qh2+ Kf3 52. Qg1
g3 53. Kd4 g2 54. Kd3 1-0

[Event "C.to Regionale Sicilia"]
[Site "Marsala ITA"]
[Date "2011.06.02"]
[Round "2"]
[White "Fontana, Giulio"]
[Black "La Bella, Noemi"]
[Result "1-0"]
[WhiteElo "1632"]
[BlackElo "1431"]
[PlyCount "73"]
[EventDate "2011.06.01"]

1. e4 e5 2. Nf3 Nc6 3. Bc4 Nf6 4. Nc3 Bc5 5. d3 h6 6. Ne2 d6 7. h3 O-O 8. Ng3
Be6 9. Bb3 d5 10. exd5 Bxd5 11. O-O Re8 12. Be3 Bxe3 13. fxe3 Bxb3 14. axb3 e4
15. Ne1 exd3 16. Nxd3 Rxe3 17. Nf5 Re8 18. Qf3 Nd4 19. Nxd4 Qxd4+ 20. Kh1 Re7
21. Qxb7 Rae8 22. Qxa7 Qh4 23. Qf2 Qg5 24. Rae1 Ne4 25. Rxe4 Rxe4 26. Qxf7+ Kh7
27. Qxc7 Re2 28. Qc6 R8e6 29. Qf3 Rxc2 30. b4 Rf6 31. Nf4 Rc4 32. Qd3+ Rf5 33.
Qxc4 Qg3 34. Qe4 g6 35. Qe7+ Kh8 36. Rd1 Qxf4 37. Rd8+ 1-0

[Event "C.to Regionale Sicilia"]
[Site "Marsala ITA"]
[Date "2011.06.02"]
[Round "2"]
[White "Gigante, Giovanni"]
[Black "Occhipinti, Massimo"]
[Result "1-0"]
[WhiteElo "1897"]
[BlackElo "1987"]
[PlyCount "83"]
[EventDate "2011.06.01"]

1. e4 c5 2. Nf3 d6 3. Bb5+ Bd7 4. Bxd7+ Nxd7 5. d4 cxd4 6. Nxd4 Ngf6 7. Qe2 g6
8. O-O Bg7 9. c4 a6 10. Nc3 Rc8 11. Bd2 O-O 12. Rac1 e5 13. Nc2 Nc5 14. Nb4 Ne6
15. Nbd5 Nd4 16. Qd3 Nd7 17. b4 h6 18. Nd1 f5 19. N1c3 f4 20. f3 g5 21. Ne2 Ne6
22. Rfd1 Kh8 23. Be1 Rg8 24. Kh1 h5 25. Bf2 Bf8 26. a4 Rg6 27. a5 Rh6 28. Nb6
Nxb6 29. Bxb6 Qe8 30. b5 g4 31. Qd5 gxf3 32. gxf3 axb5 33. cxb5 Ng5 34. Rg1 Rg6
35. Rxc8 Qxc8 36. Nxf4 exf4 37. Rxg5 Qc1+ 38. Kg2 Qc2+ 39. Kh3 Rxg5 40. Qxg5
Qd3 41. Qxh5+ Kg8 42. Qd5+ 1-0

[Event "C.to Regionale Sicilia"]
[Site "Marsala ITA"]
[Date "2011.06.02"]
[Round "2"]
[White "Gueci, Laura"]
[Black "La Bella, Roberto"]
[Result "0-1"]
[WhiteElo "1789"]
[BlackElo "2168"]
[PlyCount "101"]
[EventDate "2011.06.01"]

1. e4 e5 2. Nf3 Nc6 3. d4 exd4 4. Nxd4 Nf6 5. Nxc6 bxc6 6. e5 Qe7 7. Qe2 Nd5 8.
Nd2 Nf4 9. Qe4 Ng6 10. f4 d5 11. exd6 cxd6 12. Be2 Qxe4 13. Nxe4 d5 14. Nf2 Bd6
15. Nd3 O-O 16. O-O Re8 17. Bh5 Bf5 18. Bd2 Rab8 19. b3 c5 20. g3 c4 21. Ne5
Bxc2 22. bxc4 Bc5+ 23. Kh1 dxc4 24. Bc3 Nxe5 25. fxe5 Be4+ 26. Bf3 Bd3 27. Rfd1
Rbd8 28. Rd2 Be3 29. Rb2 Rb8 30. Re1 Rxb2 31. Bxb2 Bd2 32. Rd1 Ba5 33. Kg2 Rb8
34. Ba3 Rb1 35. Rc1 Bd2 36. Rd1 c3 37. Kf2 Rxd1 38. Bxd1 c2 39. Bxc2 Bxc2 40.
Bd6 Bd1 41. a3 f5 42. exf6 gxf6 43. Bc5 a6 44. Bd4 Kf7 45. Kg2 f5 46. Bc5 Ke6
47. Bd4 Kd5 48. Bb2 Ke4 49. Kh3 Bg4+ 50. Kg2 Bf3+ 51. Kh3 0-1

[Event "C.to Regionale Sicilia"]
[Site "Marsala ITA"]
[Date "2011.06.02"]
[Round "2"]
[White "Mancuso, Fabrizio"]
[Black "Maggio, Baldassare"]
[Result "0-1"]
[WhiteElo "1512"]
[BlackElo "1503"]
[PlyCount "106"]
[EventDate "2011.06.01"]

1. e4 e5 2. Nf3 Nc6 3. Bc4 Nf6 4. d4 exd4 5. O-O Bc5 6. e5 Ng4 7. h3 Ngxe5 8.
Nxe5 Nxe5 9. Re1 d6 10. f4 d3+ 11. Kh1 dxc2 12. Qxc2 Qh4 13. Qc3 Bxh3 14. gxh3
Bd4 15. Bxf7+ Kd8 16. Qxd4 Qxe1+ 17. Kg2 Qe2+ 18. Kg3 Qe1+ 19. Kg2 Qxc1 20.
fxe5 Qg5+ 21. Kh2 Qxe5+ 22. Qxe5 dxe5 23. Kg2 Rf8 24. Bc4 Ke7 25. Nc3 c6 26.
Re1 Rad8 27. Rxe5+ Kd6 28. Re2 Kc7 29. Re7+ Rd7 30. Re2 Rf4 31. Be6 Re7 32. Bg8
Rxe2+ 33. Nxe2 Rh4 34. Kg3 Re4 35. Nc3 Re3+ 36. Kg4 h6 37. Bh7 b5 38. a3 a5 39.
a4 bxa4 40. Nxa4 Rb3 41. Bc2 Rb4+ 42. Kg3 Kd6 43. Kf3 c5 44. b3 c4 45. bxc4
Rxc4 46. Bb3 Rb4 47. Bc2 Kc6 48. Be4+ Kb5 49. Nc3+ Kc5 50. Nd1 a4 51. Nf2 Kd4
52. Ng4 a3 53. Ne3 Rb3 0-1

[Event "C.to Regionale Sicilia"]
[Site "Marsala ITA"]
[Date "2011.06.02"]
[Round "2"]
[White "Melograni, Francesco"]
[Black "Marino, Davide"]
[Result "1-0"]
[WhiteElo "1862"]
[BlackElo "1529"]
[PlyCount "39"]
[EventDate "2011.06.01"]

1. e4 e5 2. Nc3 Nc6 3. Bc4 Bc5 4. d3 d6 5. Nge2 h6 6. O-O Nf6 7. Be3 Bxe3 8.
fxe3 O-O 9. Qd2 Ne7 10. Ng3 c6 11. Rf3 Bg4 12. Rf2 d5 13. exd5 cxd5 14. Bb3 Qd7
15. Raf1 Ng6 16. Rxf6 gxf6 17. Nxd5 Kg7 18. Nxf6 Qc8 19. e4 Be6 20. Ngh5+ 1-0

[Event "C.to Regionale Sicilia"]
[Site "Marsala ITA"]
[Date "2011.06.02"]
[Round "2"]
[White "Piazza, Dario"]
[Black "Arnetta, Maria Teresa"]
[Result "1-0"]
[WhiteElo "1751"]
[BlackElo "2084"]
[PlyCount "103"]
[EventDate "2011.06.01"]

1. d4 d5 2. Nf3 Nf6 3. e3 c5 4. dxc5 Qa5+ 5. Nc3 Qxc5 6. Be2 e6 7. Qd4 Nc6 8.
Qxc5 Bxc5 9. O-O O-O 10. a3 a6 11. b4 Bd6 12. Rd1 Rd8 13. Bb2 b5 14. Nd4 Ne5
15. f4 Nc4 16. Bxc4 bxc4 17. h3 Bb7 18. Nf3 Bc7 19. g4 Bb6 20. Kf2 Nd7 21. Ne2
a5 22. Bd4 Bc7 23. Rdb1 axb4 24. axb4 f6 25. b5 e5 26. Ba7 Re8 27. f5 Nb6 28.
Nc3 d4 29. exd4 Nd5 30. Nxd5 Bxd5 31. b6 Bd6 32. b7 Rad8 33. dxe5 fxe5 34. Ra5
Be4 35. Ng5 Bxc2 36. Rb2 Bb3 37. Ne4 Bb8 38. Nc5 Re7 39. Bxb8 Rxb8 40. Ra8 Ree8
41. Nxb3 cxb3 42. Rxb8 Rxb8 43. Rxb3 Kf7 44. Rb6 Ke7 45. Ke3 Kd7 46. Ke4 Kc7
47. Rb3 Kd6 48. g5 Kc7 49. Kxe5 Re8+ 50. Kd5 Kb8 51. f6 gxf6 52. gxf6 1-0

[Event "C.to Regionale Sicilia"]
[Site "Marsala ITA"]
[Date "2011.06.02"]
[Round "2"]
[White "Savalla, Gianluca"]
[Black "Montalto, Antonio"]
[Result "0-1"]
[WhiteElo "1563"]
[BlackElo "1781"]
[PlyCount "102"]
[EventDate "2011.06.01"]

1. d4 Nf6 2. Nf3 e6 3. e3 d5 4. Bd3 c5 5. c3 cxd4 6. exd4 Bd6 7. Nbd2 b6 8. O-O
Ba6 9. Bxa6 Nxa6 10. Nb3 Rc8 11. Qe2 Nb8 12. Nbd2 Qc7 13. Re1 O-O 14. Ne5 Nfd7
15. Ndf3 Nc6 16. Nxd7 Qxd7 17. Qe3 e5 18. Nxe5 Nxe5 19. dxe5 Bxe5 20. Bd2 Bf6
21. Rad1 Qa4 22. a3 d4 23. cxd4 Bxd4 24. Qf4 Rc4 25. Bb4 Rd8 26. Bc3 Bxf2+ 27.
Kf1 Bh4 28. Rxd8+ Bxd8 29. Qe5 f6 30. Qe8+ Qxe8 31. Rxe8+ Kf7 32. Rxd8 Rc7 33.
Kf2 g6 34. Rd6 f5 35. Rf6+ Ke7 36. Kf3 Rxc3+ 37. bxc3 Kxf6 38. h3 g5 39. g3 b5
40. h4 h6 41. hxg5+ hxg5 42. g4 f4 43. Ke4 Ke6 44. Kd4 Kd6 45. c4 bxc4 46. Kxc4
Kc6 47. a4 Kb6 48. Kd3 Ka5 49. Ke4 Kxa4 50. Kf3 Kb3 51. Ke4 a5 0-1

[Event "C.to Regionale Sicilia"]
[Site "Marsala ITA"]
[Date "2011.06.02"]
[Round "2"]
[White "Valguarnera, Girolamo"]
[Black "Cerami, Giuseppe"]
[Result "0-1"]
[WhiteElo "2151"]
[BlackElo "1658"]
[PlyCount "58"]
[EventDate "2011.06.01"]

1. e4 e6 2. d4 d5 3. Nc3 Nf6 4. Bg5 Be7 5. e5 Nfd7 6. h4 a6 7. Qg4 c5 8. Bf4
cxd4 9. Qxg7 Rf8 10. Nd1 Nc6 11. Bd3 Qc7 12. Nf3 Bb4+ 13. Kf1 b5 14. Rc1 Bb7
15. Nxd4 Ncxe5 16. Bxh7 O-O-O 17. Ne3 Bd6 18. Bg5 Rde8 19. Rh3 Nc4 20. Nxc4
dxc4 21. Re1 Be5 22. Rxe5 Qxe5 23. Qxe5 Nxe5 24. Bf6 Ng6 25. g3 e5 26. Nf5 Re6
27. Bg7 Rd8 28. h5 Bf3 29. Nd4 Rxd4 0-1

[Event "C.to Regionale Sicilia"]
[Site "Marsala ITA"]
[Date "2011.06.02"]
[Round "2"]
[White "Virgitto, Orazio"]
[Black "Tumbarello, Michele"]
[Result "1-0"]
[WhiteElo "1671"]
[BlackElo "1509"]
[PlyCount "115"]
[EventDate "2011.06.01"]

1. d4 Nf6 2. c4 c5 3. d5 b5 4. cxb5 a6 5. Nc3 d6 6. e4 g6 7. Bd3 Bg7 8. Nf3
Nbd7 9. Qe2 Ng4 10. bxa6 Nge5 11. Nxe5 Nxe5 12. Bb5+ Nd7 13. Bd2 O-O 14. Rb1
Nb8 15. O-O Nxa6 16. a3 Qc7 17. Rfc1 Bb7 18. Na4 Qd8 19. Qe1 Nc7 20. Ba5 Qb8
21. Bd7 Qa7 22. Bxc7 Ba6 23. Qa5 Bd3 24. b4 Qxa5 25. Bxa5 Bxb1 26. Rxb1 Bd4 27.
Bc6 Ra7 28. Bb6 Ra6 29. Bb5 Raa8 30. bxc5 dxc5 31. Bc6 Ra6 32. Nxc5 Rxa3 33. g4
Ra2 34. Nd3 Rb8 35. Bxd4 Rxb1+ 36. Kg2 Rd2 37. Bc5 Rxd3 38. Bxe7 Rbd1 39. Bf6
Kf8 40. e5 Rxd5 41. Bxd5 Rxd5 42. h4 Ke8 43. Kg3 Kd7 44. h5 Ke6 45. hxg6 hxg6
46. g5 Rd3+ 47. Kf4 Rd2 48. Ke3 Rd1 49. Ke2 Rg1 50. Ke3 Kf5 51. Kd4 Rd1+ 52.
Ke3 Rd7 53. Kf3 Rd5 54. Kg3 Ke4 55. Kg4 Rd2 56. f3+ Kd4 57. e6+ Kc5 58. exf7
1-0

[Event "C.to Regionale Sicilia"]
[Site "Marsala ITA"]
[Date "2011.06.04"]
[Round "3"]
[White "Arnetta, Maria Teresa"]
[Black "Alcide, Fabio"]
[Result "1-0"]
[WhiteElo "2084"]
[BlackElo "1637"]
[PlyCount "43"]
[EventDate "2011.06.01"]

1. e4 e6 2. d4 d5 3. e5 c5 4. Nf3 cxd4 5. Bd3 Nc6 6. O-O Nge7 7. Bf4 Qb6 8.
Nbd2 Ng6 9. Bg3 Qxb2 10. Nb3 Qa3 11. Nbxd4 a6 12. Nxc6 bxc6 13. h4 Bd7 14. Rb1
Qa5 15. Rb7 Bc8 16. Rb3 Qc7 17. c4 Bc5 18. cxd5 cxd5 19. Qc2 Kd7 20. Rc3 Bb7
21. Rxc5 Qb6 22. Rb1 1-0

[Event "C.to Regionale Sicilia"]
[Site "Marsala ITA"]
[Date "2011.06.04"]
[Round "3"]
[White "Cerami, Giuseppe"]
[Black "Bentivegna, Francesco"]
[Result "0-1"]
[WhiteElo "1658"]
[BlackElo "2317"]
[PlyCount "124"]
[EventDate "2011.06.01"]

1. b4 c5 2. a3 b6 3. c4 Nf6 4. Bb2 e6 5. b5 Bb7 6. e3 d5 7. Nf3 Nbd7 8. d4 Be7
9. Nbd2 O-O 10. Be2 Rc8 11. O-O cxd4 12. exd4 dxc4 13. Bxc4 Nd5 14. Rc1 Bd6 15.
Ne5 Bxe5 16. dxe5 Nf4 17. Nf3 Nc5 18. Be2 Be4 19. Bc4 Bd3 20. Bxd3 Ncxd3 21.
Rc2 Rxc2 22. Qxc2 Qd5 23. a4 Rd8 24. Bd4 h6 25. Be3 Nb4 26. Qd2 Nfd3 27. Qc3
Qe4 28. Nd2 Qxe5 29. Qb3 Qd5 30. Qc3 Qe5 31. Qb3 Rd5 32. Nf3 Qc7 33. Rd1 Qc2
34. Qxc2 Nxc2 35. Rd2 Nxe3 36. fxe3 Nc5 37. Ra2 Ne4 38. h3 e5 39. Rc2 Nc5 40.
Ra2 f6 41. a5 Ne6 42. axb6 axb6 43. Rb2 Nc7 44. Nd2 Nxb5 45. Nc4 Rd1+ 46. Kf2
Nd6 47. Nxb6 Ne4+ 48. Ke2 Rg1 49. Kd3 Nd6 50. Nd7 Kf7 51. Nc5 f5 52. Rd2 Rc1
53. Rc2 e4+ 54. Kd2 Rxc2+ 55. Kxc2 Nc4 56. g4 g6 57. gxf5 gxf5 58. Kd1 Nxe3+
59. Ke2 Nd5 60. h4 h5 61. Kf2 Ke7 62. Nb3 Kd6 0-1

[Event "C.to Regionale Sicilia"]
[Site "Marsala ITA"]
[Date "2011.06.04"]
[Round "3"]
[White "Gueci, Tea"]
[Black "Sardo, Riccardo"]
[Result "1-0"]
[WhiteElo "1741"]
[BlackElo "1512"]
[PlyCount "67"]
[EventDate "2011.06.01"]

1. e4 Nf6 2. e5 Nd5 3. c4 Nf4 4. d4 Ne6 5. Be3 d6 6. Nf3 c5 7. d5 Nc7 8. Bd3 g6
9. Nc3 Bg7 10. exd6 exd6 11. O-O O-O 12. Qd2 b5 13. cxb5 a6 14. a4 Ne8 15. Bh6
Qa5 16. Bxg7 Kxg7 17. Ng5 Nf6 18. Rfd1 Nbd7 19. Nge4 Qd8 20. Nxd6 Nb6 21. Nxc8
Rxc8 22. Be2 a5 23. Bf3 Qd6 24. Ne4 Nxe4 25. Bxe4 Rfe8 26. Bf3 Re5 27. Qxa5 Ra8
28. Qc3 Nxa4 29. Qb3 Nb6 30. Ra6 Rd8 31. Qc3 Kg8 32. Rxb6 Rxd5 33. Rxd6 Rxd1+
34. Rxd1 1-0

[Event "C.to Regionale Sicilia"]
[Site "Marsala ITA"]
[Date "2011.06.04"]
[Round "3"]
[White "La Bella, Noemi"]
[Black "Fasino, Salvatore"]
[Result "0-1"]
[WhiteElo "1431"]
[BlackElo "1631"]
[PlyCount "94"]
[EventDate "2011.06.01"]

1. e4 c5 2. Nc3 Nc6 3. Nf3 a6 4. d4 cxd4 5. Nxd4 d6 6. Bc4 Nf6 7. Bd5 Qc7 8.
Be3 e6 9. Bc4 b5 10. Nxc6 Qxc6 11. Bb3 Nxe4 12. Nd5 Bb7 13. Nb4 Qc7 14. f3 Nf6
15. O-O a5 16. Qd3 axb4 17. Qxb5+ Bc6 18. Qxb4 Be7 19. Rad1 O-O 20. Qc3 Rfc8
21. Bg5 Qa5 22. Qxa5 Rxa5 23. Bxf6 gxf6 24. a3 Ba4 25. Bxa4 Rxa4 26. Rc1 d5 27.
Rfd1 Bc5+ 28. Kf1 Be3 29. Rb1 Rxc2 30. Rd3 Rc1+ 31. Rd1 Rxd1+ 32. Rxd1 Rc4 33.
Ke2 Bh6 34. b4 Kf8 35. Rb1 Ke8 36. Kd3 Bf8 37. Rb3 Kd7 38. b5 Ra4 39. b6 Rxa3
40. Rxa3 Bxa3 41. Kd4 Kc6 42. g4 Bc5+ 43. Kd3 Bxb6 44. Ke2 Kc5 45. h4 Kc4 46.
h5 Kc3 47. f4 Kc2 0-1

[Event "C.to Regionale Sicilia"]
[Site "Marsala ITA"]
[Date "2011.06.04"]
[Round "3"]
[White "La Bella, Roberto"]
[Black "Melograni, Francesco"]
[Result "1-0"]
[WhiteElo "2168"]
[BlackElo "1862"]
[PlyCount "99"]
[EventDate "2011.06.01"]

1. e4 e5 2. f4 Bc5 3. Nf3 d6 4. Bc4 Nf6 5. Nc3 Nc6 6. d3 Ng4 7. Qe2 Bf2+ 8. Kf1
Nd4 9. Nxd4 Bxd4 10. Nd1 exf4 11. c3 Ne3+ 12. Nxe3 Bxe3 13. Bxe3 fxe3 14. Qxe3
O-O 15. h3 Be6 16. Bxe6 fxe6+ 17. Ke2 Qh4 18. Raf1 b6 19. a4 Qh5+ 20. Rf3 Qa5
21. Ra1 Rxf3 22. Qxf3 Rf8 23. Qe3 Qe5 24. Rf1 Rxf1 25. Kxf1 Qa5 26. Qd4 b5 27.
b3 e5 28. Qd5+ Kf8 29. c4 Qd2 30. cxb5 Qd1+ 31. Kf2 Qd2+ 32. Kf3 Qd1+ 33. Kg3
Qe1+ 34. Kh2 Qf2 35. Qc4 h5 36. Qc1 h4 37. Qg5 Kf7 38. Qg4 Kf6 39. a5 g6 40.
Qf3+ Qxf3 41. gxf3 g5 42. Kg2 Ke6 43. Kf2 d5 44. Ke3 d4+ 45. Kd2 Kd6 46. b4 Kd7
47. Kc2 Kd6 48. Kb3 Ke6 49. Kc4 Kd6 50. a6 1-0

[Event "C.to Regionale Sicilia"]
[Site "Marsala ITA"]
[Date "2011.06.04"]
[Round "3"]
[White "Marino, Davide"]
[Black "Valguarnera, Girolamo"]
[Result "0-1"]
[WhiteElo "1529"]
[BlackElo "2151"]
[PlyCount "48"]
[EventDate "2011.06.01"]

1. e4 e5 2. Nf3 Nf6 3. Nxe5 d6 4. Nf3 Nxe4 5. d4 d5 6. Bd3 Nc6 7. O-O Be7 8.
Re1 f5 9. Bf4 O-O 10. c3 g5 11. Be5 g4 12. Nfd2 Nxe5 13. dxe5 Bc5 14. Rf1 g3
15. hxg3 Nxg3 16. Nf3 Nxf1 17. Qxf1 Be6 18. Qe2 Be7 19. Nd4 Qd7 20. f4 c5 21.
Nf3 Kh8 22. g3 Rf7 23. Qh2 Rg8 24. Nbd2 Rfg7 0-1

[Event "C.to Regionale Sicilia"]
[Site "Marsala ITA"]
[Date "2011.06.04"]
[Round "3"]
[White "Meo, Antonino"]
[Black "Colicchia, Michele"]
[Result "1/2-1/2"]
[WhiteElo "1599"]
[BlackElo "1415"]
[PlyCount "46"]
[EventDate "2011.06.01"]

1. e4 c5 2. Nf3 Nc6 3. Bb5 Qb6 4. Nc3 a6 5. Bxc6 Qxc6 6. O-O d6 7. d4 Bg4 8. d5
Qc7 9. b3 e6 10. Re1 Be7 11. Bb2 e5 12. Na4 Qd8 13. c4 Bg5 14. Qd3 Bxf3 15.
Qxf3 Qf6 16. Qh3 Qd8 17. Rf1 Nf6 18. Nc3 O-O 19. a3 Qd7 20. Qd3 Nh5 21. Ne2 f5
22. exf5 Rxf5 23. b4 b6 1/2-1/2

[Event "C.to Regionale Sicilia"]
[Site "Marsala ITA"]
[Date "2011.06.04"]
[Round "3"]
[White "Messina, Pierluigi"]
[Black "Mancuso, Fabrizio"]
[Result "0-1"]
[WhiteElo "1392"]
[BlackElo "1512"]
[PlyCount "48"]
[EventDate "2011.06.01"]

1. e4 e5 2. Nf3 Nf6 3. Nxe5 Qe7 4. Nf3 Nxe4 5. d4 Nc3+ 6. Qe2 Nxe2 7. Bxe2 d6
8. Nc3 Nc6 9. d5 Ne5 10. Nxe5 Qxe5 11. O-O Be7 12. Re1 O-O 13. Bd2 Qf6 14. Ne4
Qf5 15. Bd3 Qd7 16. Rad1 Re8 17. b3 Qd8 18. Bb5 Bd7 19. Bxd7 Qxd7 20. Bg5 Bxg5
21. Nxg5 Rxe1+ 22. Rxe1 Re8 23. Rxe8+ Qxe8 24. Nxf7 Qe1# 0-1

[Event "C.to Regionale Sicilia"]
[Site "Marsala ITA"]
[Date "2011.06.04"]
[Round "3"]
[White "Montalto, Antonio"]
[Black "Ferrante, Filippo"]
[Result "1-0"]
[WhiteElo "1781"]
[BlackElo "1606"]
[PlyCount "99"]
[EventDate "2011.06.01"]

1. e4 e6 2. d4 d5 3. Nd2 c5 4. Ngf3 Nc6 5. exd5 Qxd5 6. Nb3 cxd4 7. Nbxd4 Nxd4
8. Nxd4 a6 9. Be3 Nf6 10. c3 Bd7 11. Nf3 Qa5 12. b4 Qc7 13. Rc1 Be7 14. Be2 Rd8
15. Qb3 O-O 16. O-O Rc8 17. a4 Ne4 18. c4 Rfd8 19. a5 Qb8 20. Bb6 Re8 21. Rfd1
Nd6 22. Ne5 Bc6 23. Nxc6 Rxc6 24. Bf3 Rcc8 25. Rc3 Bd8 26. c5 Nb5 27. Rcd3 Bxb6
28. axb6 Rcd8 29. Rxd8 Rxd8 30. Rxd8+ Qxd8 31. Bxb7 Nd4 32. Qd1 e5 33. Bxa6 Qb8
34. b7 Nc6 35. b5 Nd4 36. c6 g6 37. Kf1 Ne6 38. Qd7 Kg7 39. b6 Qf8 40. c7 Qa3
41. Be2 Nd4 42. g3 Qa1+ 43. Kg2 Nxe2 44. c8=Q Qg1+ 45. Kf3 Nd4+ 46. Qxd4 exd4
47. b8=Q Qh1+ 48. Ke2 Qe4+ 49. Kd2 Qd5 50. Qf8+ 1-0

[Event "C.to Regionale Sicilia"]
[Site "Marsala ITA"]
[Date "2011.06.04"]
[Round "3"]
[White "Occhipinti, Massimo"]
[Black "Calamia, Gianpaolo"]
[Result "1/2-1/2"]
[WhiteElo "1987"]
[BlackElo "1491"]
[PlyCount "50"]
[EventDate "2011.06.01"]

1. e4 e6 2. d4 d5 3. e5 c5 4. dxc5 Bxc5 5. Bd3 Qb6 6. Qe2 Nc6 7. Nf3 a6 8. O-O
Nb4 9. c3 Nxd3 10. Qxd3 Bd7 11. a4 Qc7 12. Be3 Ne7 13. b4 Bxe3 14. Qxe3 Nf5 15.
Qd3 Rc8 16. Re1 O-O 17. g4 Ne7 18. Ng5 Ng6 19. Ra3 h6 20. Nf3 Qc4 21. Qxc4 Rxc4
22. Nd4 Rfc8 23. Re3 Rxd4 24. cxd4 Rc1+ 25. Kg2 Rxb1 1/2-1/2

[Event "C.to Regionale Sicilia"]
[Site "Marsala ITA"]
[Date "2011.06.04"]
[Round "3"]
[White "Oddo, Salvatore"]
[Black "Maggio, Baldassare"]
[Result "1-0"]
[WhiteElo "1644"]
[BlackElo "1503"]
[PlyCount "131"]
[EventDate "2011.06.01"]

1. Nf3 d5 2. g3 c5 3. d3 Nc6 4. Nbd2 Bf5 5. Bg2 Nf6 6. O-O e5 7. c3 Bd6 8. Nh4
Be6 9. e4 Qd7 10. Re1 g5 11. Nhf3 h6 12. Nf1 d4 13. a4 Nh5 14. cxd4 cxd4 15.
Nxd4 Nxd4 16. Qxh5 Bg4 17. Bh3 Bxh5 18. Bxd7+ Kxd7 19. Ne3 Nf3+ 20. Kf1 Nxe1
21. Kxe1 Bg6 22. Bd2 Ke6 23. Bc3 h5 24. Nd5 f6 25. b4 h4 26. g4 Rac8 27. Kd2
Be8 28. f3 Bc6 29. Ne3 a6 30. Nf5 Rh7 31. d4 Be8 32. d5+ Kd7 33. b5 Rc4 34.
bxa6 bxa6 35. Rb1 Bg6 36. Rb7+ Rc7 37. Nxd6 Kxd6 38. Rb6+ Kd7 39. Rxf6 Rxc3 40.
Kxc3 Be8 41. Rxa6 Re7 42. a5 Kc8 43. Kb4 Rb7+ 44. Rb6 Rxb6+ 45. axb6 Kd8 46.
Ka5 Kc8 47. Kb4 Kd8 48. Kc5 Kd7 49. d6 Kc8 50. Kd5 Kb7 51. Kxe5 Kxb6 52. Kf5
Kc5 53. Ke6 Kd4 54. Kf6 Ke3 55. e5 Kxf3 56. Kxg5 Bd7 57. Kxh4 Ke4 58. Kg5 Kxe5
59. h4 Kxd6 60. h5 Be6 61. h6 Bg8 62. Kf6 Bh7 63. g5 Kd7 64. g6 Bxg6 65. Kxg6
Ke8 66. h7 1-0

[Event "C.to Regionale Sicilia"]
[Site "Marsala ITA"]
[Date "2011.06.04"]
[Round "3"]
[White "Piazza, Dario"]
[Black "Bertino, Giacomo"]
[Result "1/2-1/2"]
[WhiteElo "1751"]
[BlackElo "1991"]
[PlyCount "45"]
[EventDate "2011.06.01"]

1. d4 d5 2. Nf3 Nf6 3. e3 g6 4. Nbd2 Bg7 5. c3 Nbd7 6. Be2 O-O 7. O-O c5 8. b3
b6 9. Bb2 Bb7 10. Re1 Rc8 11. a4 Re8 12. c4 e6 13. a5 Qc7 14. Bd3 Red8 15. Qe2
Ne4 16. axb6 axb6 17. Rab1 Ra8 18. dxc5 Nexc5 19. Bxg7 Kxg7 20. Rec1 Qd6 21. b4
Nxd3 22. Qxd3 Ba6 23. Qd4+ 1/2-1/2

[Event "C.to Regionale Sicilia"]
[Site "Marsala ITA"]
[Date "2011.06.04"]
[Round "3"]
[White "Piazza, Francesco"]
[Black "Savalla, Gianluca"]
[Result "1/2-1/2"]
[WhiteElo "1551"]
[BlackElo "1563"]
[PlyCount "53"]
[EventDate "2011.06.01"]

1. d4 Nf6 2. Nf3 c5 3. e3 cxd4 4. exd4 d5 5. Bd3 g6 6. Nc3 Bg7 7. Be3 Bg4 8.
O-O O-O 9. h3 Bxf3 10. Qxf3 e6 11. Rad1 Nc6 12. a3 Qb6 13. Bb5 a6 14. Bxc6 bxc6
15. b4 a5 16. Rb1 axb4 17. Rxb4 Qd8 18. a4 Qe7 19. Rfb1 Qa7 20. Bg5 Qe7 21. Ne2
e5 22. dxe5 Qxe5 23. Bxf6 Qxf6 24. Rf4 Qe7 25. Rd1 f5 26. Nd4 Qd7 27. Nb3
1/2-1/2

[Event "C.to Regionale Sicilia"]
[Site "Marsala ITA"]
[Date "2011.06.04"]
[Round "3"]
[White "Savalla, Pietro"]
[Black "Fontana, Giulio"]
[Result "1-0"]
[WhiteElo "1790"]
[BlackElo "1632"]
[PlyCount "99"]
[EventDate "2011.06.01"]

1. d4 d5 2. Nf3 Nf6 3. e3 Bg4 4. Nbd2 e6 5. Bd3 Bd6 6. c3 Nbd7 7. O-O O-O 8. e4
dxe4 9. Nxe4 Nxe4 10. Bxe4 Bxf3 11. Qxf3 c6 12. Qh3 Nf6 13. Bc2 g6 14. Bg5 Be7
15. Bh6 Re8 16. Rfe1 Nh5 17. Re5 Ng7 18. Rae1 Bf6 19. R5e3 Bg5 20. Rg3 Bxh6 21.
Qxh6 Nf5 22. Bxf5 exf5 23. Rge3 Qd7 24. Qg5 Re6 25. Rxe6 fxe6 26. Qf6 Re8 27.
h4 Qe7 28. Qxe7 Rxe7 29. f3 h5 30. Kf2 Kf7 31. Kg3 Kf6 32. Kf4 Re8 33. g4 Rg8
34. Re5 g5+ 35. hxg5+ Rxg5 36. Rxe6+ Kxe6 37. Kxg5 fxg4 38. fxg4 hxg4 39. Kxg4
Kd5 40. Kf4 c5 41. Ke3 b6 42. b3 b5 43. Kd3 a6 44. c4+ bxc4+ 45. bxc4+ Kd6 46.
d5 Ke5 47. Kc3 Kd6 48. Kb3 Kc7 49. Ka4 Kb6 50. a3 1-0

[Event "C.to Regionale Sicilia"]
[Site "Marsala ITA"]
[Date "2011.06.02"]
[Round "3"]
[White "Schembri, Roberto"]
[Black "Gigante, Giovanni"]
[Result "1-0"]
[WhiteElo "1527"]
[BlackElo "1897"]
[PlyCount "67"]
[EventDate "2011.06.01"]

1. d4 d5 2. e3 Nf6 3. Bd3 e6 4. Nd2 c5 5. c3 Nc6 6. f4 b6 7. Ngf3 Bd6 8. Ne5
Bb7 9. O-O O-O 10. g4 Ne8 11. g5 Nxe5 12. dxe5 Be7 13. Qf3 g6 14. Qh3 Ng7 15.
Qh6 Nf5 16. Bxf5 exf5 17. Rf3 Bxg5 18. fxg5 Re8 19. Rh3 Re6 20. Qxh7+ Kf8 21.
Nf3 d4 22. Qh8+ Ke7 23. Qxd8+ Rxd8 24. exd4 Bxf3 25. Rxf3 cxd4 26. Bf4 dxc3 27.
Rxc3 Rd4 28. Bg3 Rg4 29. Rc7+ Kf8 30. Kf1 f4 31. Be1 Rxe5 32. Bc3 Rexg5 33. Bf6
Rh5 34. Rc8# 1-0

[Event "C.to Regionale Sicilia"]
[Site "Marsala ITA"]
[Date "2011.06.04"]
[Round "3"]
[White "Tumbarello, Michele"]
[Black "Gueci, Laura"]
[Result "0-1"]
[WhiteElo "1509"]
[BlackElo "1789"]
[PlyCount "80"]
[EventDate "2011.06.01"]

1. e4 c5 2. Nc3 a6 3. f4 b5 4. Nf3 Bb7 5. d3 Nf6 6. Be2 e6 7. O-O Be7 8. Qe1 d6
9. b3 Nc6 10. a3 Nd4 11. Bd1 Rc8 12. Ne2 Nxf3+ 13. gxf3 Nh5 14. Qf2 Bh4 15. Qg2
Qf6 16. Rb1 e5 17. f5 g6 18. Ng3 Bxg3 19. hxg3 gxf5 20. Qh3 Qg6 21. Kh2 Rg8 22.
Rg1 f4 23. g4 Nf6 24. Kg2 Qg5 25. Kf1 Rg6 26. Bd2 h5 27. Be1 hxg4 28. fxg4 Rh6
29. Qg2 Ke7 30. Bf2 Rch8 31. Be2 Rh2 32. Qf3 R8h3 33. c3 Rxf3 34. Bxf3 b4 35.
a4 Bc8 36. Re1 Nxg4 37. Bxg4 Bxg4 38. a5 Qh5 39. Re3 fxe3 40. Bh4+ Qxh4 0-1

[Event "C.to Regionale Sicilia"]
[Site "Marsala ITA"]
[Date "2011.06.04"]
[Round "3"]
[White "Virgitto, Orazio"]
[Black "Campo, Renato"]
[Result "1/2-1/2"]
[WhiteElo "1671"]
[BlackElo "1984"]
[PlyCount "27"]
[EventDate "2011.06.01"]

1. d4 d5 2. c4 e5 3. dxe5 d4 4. a3 Nc6 5. Nf3 Bg4 6. Nbd2 Nge7 7. g3 Ng6 8. Bg2
h5 9. h3 Be6 10. Nb3 Bxc4 11. Nbxd4 Bd5 12. Nxc6 Bxc6 13. O-O Qd5 14. Bg5
1/2-1/2